[Event "World Rapid 2017"]
[Site "Riyadh KSA"]
[Date "2017.12.28"]
[Round "11.38"]
[White "Jumabayev, Rinat"]
[Black "Kasimdzhanov, Rustam"]
[Result "0-1"]
[WhiteTitle "GM"]
[BlackTitle "GM"]
[WhiteElo "2612"]
[BlackElo "2683"]
[WhiteFideId "13702661"]
[BlackFideId "14200244"]
[EventDate "2017.12.26"]

1. d4 Nf6 2. c4 e6 3. Nf3 d5 4. Nc3 c6 5. Qb3 Be7 6. Bg5 h6 7. Bh4 O-O 8. e3
Nbd7 9. Rd1 a6 10. Qc2 b5 11. c5 e5 12. dxe5 Ne8 13. Bg3 Nxc5 14. Nd4 Bd7 15.
Be2 b4 16. Nb1 Nc7 17. Nd2 Nb5 18. N4b3 Ne6 19. Nf3 Qb6 20. O-O Rad8 21. Nh4
Rfe8 22. Nf5 Bf8 23. e4 Ng5 24. Bxb5 Nxe4 25. Ba4 Bxf5 26. Qxc6 Qxc6 27. Bxc6
Nxg3 28. hxg3 Rxe5 29. Nd4 Bc8 30. Rd2 g6 31. Rfd1 Kg7 32. Nf3 Re6 33. Nd4 Rf6
34. Rc2 Bg4 35. f3 Bd7 36. Bxd7 Rxd7 37. g4 Rb6 38. Kf1 Be7 39. Nb3 Bg5 40. Nc5
Rc6 41. Nxd7 Rxc2 42. b3 Be3 43. Rxd5 Rf2+ 44. Ke1 Rxa2 45. Ne5 Rxg2 46. Rd7 Kf6
47. Nc4 Bf4 48. Rb7 h5 49. gxh5 gxh5 50. Kf1 Ra2 51. Rxb4 h4 52. Rb6+ Kg5 53.
Rb7 h3 54. Rxf7 Ra1+ 0-1

[Event "World Rapid 2017"]
[Site "Riyadh KSA"]
[Date "2017.12.28"]
[Round "11.39"]
[White "Vidit, Santosh Gujrathi"]
[Black "Van Foreest, Jorden"]
[Result "1-0"]
[WhiteTitle "GM"]
[BlackTitle "GM"]
[WhiteElo "2715"]
[BlackElo "2629"]
[WhiteFideId "5029465"]
[BlackFideId "1039784"]
[EventDate "2017.12.26"]

1. e4 c5 2. Nf3 e6 3. d4 cxd4 4. Nxd4 Nc6 5. Nc3 Qc7 6. g3 a6 7. Bg2 Nf6 8. O-O
Nxd4 9. Qxd4 Bc5 10. Bf4 d6 11. Qd2 h6 12. Rad1 e5 13. Be3 Be6 14. Bxc5 dxc5 15.
Nd5 Bxd5 16. exd5 O-O 17. d6 Qb6 18. c4 Rad8 19. Rfe1 Rfe8 20. Bh3 Nh7 21. f4 e4
22. Re3 g6 23. Rb3 Qc6 24. d7 Re7 25. Qd6 Qxd6 26. Rxd6 e3 27. Kf1 Nf8 28. Rxb7
f5 29. Rc7 Kg7 30. Rxc5 Rdxd7 31. Rxd7 Rxd7 32. Rd5 Re7 33. Ke2 Nd7 34. Rd3 Nc5
35. Rxe3 Rc7 36. Bg2 a5 37. Bd5 g5 38. Kd2 Rc8 39. b3 Kf6 40. Kc3 h5 41. fxg5+
Kxg5 42. Kd4 h4 43. Re7 Kg4 44. Rg7+ Kh3 45. gxh4 Kxh4 46. Ke5 a4 47. bxa4 Rf8
48. Rf7 Rh8 49. a5 Kg5 50. Rxf5+ Kg6 51. Rf6+ Kg5 52. Rc6 Nd3+ 53. Kd4 Nb4 54.
Rb6 Rh4+ 55. Be4 Nc2+ 56. Kd3 Rxh2 57. a6 Ne1+ 58. Kc3 Rxa2 59. Rb1 Ra3+ 60. Kb4 1-0

[Event "World Rapid 2017"]
[Site "Riyadh KSA"]
[Date "2017.12.28"]
[Round "11.40"]
[White "Grigoriants, Sergey"]
[Black "Ponkratov, Pavel"]
[Result "1/2-1/2"]
[WhiteTitle "GM"]
[BlackTitle "GM"]
[WhiteElo "2561"]
[BlackElo "2613"]
[WhiteFideId "4130804"]
[BlackFideId "4157800"]
[EventDate "2017.12.26"]

1. Nf3 Nf6 2. c4 g6 3. g3 Bg7 4. Bg2 O-O 5. O-O d5 6. cxd5 Nxd5 7. d4 c5 8. dxc5
Na6 9. c6 bxc6 10. Nbd2 Nc5 11. Qc2 Qb6 12. Nc4 Qb5 13. Na3 Nb4 14. Qd2 Qb7 15.
Qe3 Ne6 16. Rd1 Rb8 17. Qe4 Qa6 18. Bf1 c5 19. Rb1 h6 20. Bd2 Bb7 21. Qc4 Bd5
22. Qxa6 Nxa6 23. Bxh6 Bxa2 24. Bxg7 Kxg7 25. Ra1 Rxb2 26. Rd2 Rxd2 27. Nxd2 Nb4
28. Nc2 Bd5 29. Ne3 Rd8 30. Rxa7 Ba8 31. Ndc4 Nc6 32. Ra2 Nb4 33. Ra7 Nd4 34.
Ra5 Bc6 35. h4 Bb5 36. Ra7 Nbc6 37. Ra2 Nb4 38. Ra7 Kf8 39. g4 f5 40. Ne5 Rd6
41. N3c4 Re6 42. gxf5 gxf5 43. Rc7 Na6 44. Ra7 Nb4 45. Rc7 Nbc6 46. f4 Nxe5 47.
Nxe5 Nc6 48. e4 Nxe5 49. Bxb5 Nf3+ 50. Kf2 Nd4 51. exf5 Re4 52. Rxc5 Rxf4+ 53.
Ke3 Rxh4 1/2-1/2

[Event "World Rapid 2017"]
[Site "Riyadh KSA"]
[Date "2017.12.28"]
[Round "11.41"]
[White "Al-Saffar, Araz Basim Mohammed S"]
[Black "Demchenko, Anton"]
[Result "0-1"]
[WhiteTitle "IM"]
[BlackTitle "GM"]
[WhiteElo "2368"]
[BlackElo "2660"]
[WhiteFideId "4801040"]
[BlackFideId "4160258"]
[EventDate "2017.12.26"]

1. d4 Nf6 2. Bg5 g6 3. Bxf6 exf6 4. c4 d5 5. cxd5 Qxd5 6. Nc3 Qd8 7. g3 Bd6 8.
Bg2 O-O 9. e3 f5 10. Nge2 Nd7 11. O-O Nf6 12. Rc1 c6 13. d5 c5 14. Nb5 b6 15.
Nxd6 Qxd6 16. Nc3 Bd7 17. Qb3 Rad8 18. Rfd1 Rfe8 19. a4 a6 20. Qc4 Bc8 21. Rb1
a5 22. Rd2 Bd7 23. Rbd1 Re5 24. Qf4 Rde8 25. Qc4 Kg7 26. h4 h6 27. b3 g5 28.
hxg5 hxg5 29. Nb1 Ne4 30. Rd3 Rh8 31. Nc3 Qh6 32. Nxe4 fxe4 33. Bxe4 Bf5 34. Qc3
f6 35. Bg2 Qh2+ 36. Kf1 Bh3 37. Bxh3 Rxh3 38. Ke2 Rxg3 39. Qxe5 fxe5 40. d6 e4
41. Rd5 Rf3 42. Rf1 Qh5 43. Kd2 Qh3 44. Ke2 Qg4 45. Kd2 Qe6 46. Rxg5+ Kf6 47.
Rfg1 Qxd6+ 48. Ke1 Ke7 0-1

[Event "World Rapid 2017"]
[Site "Riyadh KSA"]
[Date "2017.12.28"]
[Round "11.42"]
[White "Eljanov, Pavel"]
[Black "Inarkiev, Ernesto"]
[Result "1-0"]
[WhiteTitle "GM"]
[BlackTitle "GM"]
[WhiteElo "2711"]
[BlackElo "2689"]
[WhiteFideId "14102951"]
[BlackFideId "4162722"]
[EventDate "2017.12.26"]

1. e4 c5 2. Nf3 d6 3. d4 cxd4 4. Nxd4 Nf6 5. Nc3 a6 6. Be2 e6 7. Be3 Nbd7 8. g4
h6 9. Qd2 b5 10. a3 Qc7 11. O-O-O Ne5 12. f3 Rb8 13. Ndxb5 axb5 14. Nxb5 Qb7 15.
Ba7 Ra8 16. Nxd6+ Bxd6 17. Qxd6 Nc6 18. Bd4 Qd7 19. Qc5 Qb7 20. Bb5 Bd7 21. Bxf6
gxf6 22. Rd6 Ne5 23. Rb6 Qc8 24. Qb4 Bxb5 25. Qxb5+ Kf8 26. f4 Nd7 27. Rd6 Nb8
28. Rhd1 Kg7 29. e5 Qc7 30. exf6+ Kg6 31. Qd3+ Kxf6 32. Qd4+ Ke7 33. Rxe6+ fxe6
34. Qg7+ Ke8 35. Qxh8+ 1-0

[Event "World Rapid 2017"]
[Site "Riyadh KSA"]
[Date "2017.12.28"]
[Round "11.43"]
[White "Kovalev, Vladislav"]
[Black "Ponomariov, Ruslan"]
[Result "0-1"]
[WhiteTitle "GM"]
[BlackTitle "GM"]
[WhiteElo "2639"]
[BlackElo "2694"]
[WhiteFideId "13504398"]
[BlackFideId "14103320"]
[EventDate "2017.12.26"]

1. e4 d6 2. d4 Nf6 3. Nc3 g6 4. f4 Bg7 5. Nf3 c5 6. Bb5+ Bd7 7. e5 Ng4 8. Bxd7+
Qxd7 9. d5 dxe5 10. h3 e4 11. hxg4 exf3 12. Qxf3 Na6 13. Bd2 Nb4 14. O-O-O O-O-O
15. Ne4 Nxd5 16. Nxc5 Qc6 17. Nd3 Kb8 18. Ne5 Bxe5 19. fxe5 Rc8 20. c3 e6 21.
Kb1 Rc7 22. g5 b5 23. Rh4 Rhc8 24. Rc1 Qb6 25. a3 a5 26. Qe4 Rc4 27. Qe1 R8c7
28. Re4 Qc6 29. Rh4 Kb7 30. g3 Rxh4 31. gxh4 Qc4 32. Qf1 Ka6 33. Qxc4 bxc4 34.
Rf1 Kb5 35. Kc2 Rd7 36. h5 gxh5 37. Rh1 Ne7 38. Rxh5 Ng6 39. Be3 Rd5 40. Bd4
Nxe5 41. Rxh7 Nd3 42. Bf6 Rf5 43. Rxf7 Rf2+ 44. Kd1 Nxb2+ 45. Ke1 Nd3+ 46. Kd1
Rg2 47. Rg7 Ka4 48. Rg8 Nf2+ 49. Kc1 Ne4 50. Rc8 Kxa3 51. Be7+ Kb3 52. Kd1 Kxc3
53. Ra8 Kd3 54. Rd8+ Ke3 55. Ra8 Nc3+ 56. Kc1 Kd3 57. Rd8+ Nd5 58. Bf6 c3 59.
Kb1 Rg1+ 60. Ka2 c2 61. Bb2 c1=Q 62. Bxc1 Rxc1 63. Rd6 Kc2 64. Rc6+ Nc3+ 0-1

[Event "World Rapid 2017"]
[Site "Riyadh KSA"]
[Date "2017.12.28"]
[Round "11.44"]
[White "Khismatullin, Denis"]
[Black "Zhao, Jun"]
[Result "0-1"]
[WhiteTitle "GM"]
[BlackTitle "GM"]
[WhiteElo "2632"]
[BlackElo "2604"]
[WhiteFideId "4142578"]
[BlackFideId "8602522"]
[EventDate "2017.12.26"]

1. Nf3 Nf6 2. g3 b6 3. Bg2 Bb7 4. O-O e6 5. d3 d5 6. c4 Be7 7. cxd5 exd5 8. d4
O-O 9. Nc3 Nbd7 10. b3 Re8 11. Bb2 a6 12. Ne5 Bd6 13. f4 Nf8 14. e3 c5 15. Qd3
cxd4 16. exd4 Rc8 17. a3 b5 18. b4 N8d7 19. g4 Nb6 20. g5 Ne4 21. Nxe4 dxe4 22.
Bxe4 Bxe4 23. Qxe4 Nc4 24. Bc1 Qb6 25. Kh1 Rcd8 26. Ra2 Bb8 27. Qg2 Rxd4 28. Ng4
Red8 29. f5 Rd1 30. Rf2 Ne5 31. Be3 Qd6 32. Bf4 Qd4 33. Bxe5 Rxf1+ 34. Rxf1 Bxe5
35. f6 g6 36. Re1 Bd6 37. Nh6+ Kf8 38. Qb7 Bc7 39. Qc6 Qf4 40. Qg2 Rd2 41. Qa8+
Bb8 42. Ng4 Rxh2+ 0-1

[Event "World Rapid 2017"]
[Site "Riyadh KSA"]
[Date "2017.12.28"]
[Round "11.45"]
[White "Sethuraman, S.P."]
[Black "Amin, Bassem"]
[Result "1/2-1/2"]
[WhiteTitle "GM"]
[BlackTitle "GM"]
[WhiteElo "2646"]
[BlackElo "2689"]
[WhiteFideId "5021596"]
[BlackFideId "10601457"]
[EventDate "2017.12.26"]

1. Nf3 Nf6 2. d4 g6 3. g3 Bg7 4. Bg2 O-O 5. O-O d6 6. b3 a5 7. Bb2 a4 8. c4 c6
9. Nbd2 Qa5 10. Qc2 Qh5 11. Rfe1 Bh3 12. Bh1 Nbd7 13. e4 e5 14. c5 dxc5 15. dxc5
Bg4 16. b4 a3 17. Bc3 Rfe8 18. Nh4 b5 19. cxb6 Nxb6 20. Nf1 Bh6 21. Bg2 Rad8 22.
h3 Bxh3 23. Bxh3 g5 24. Nf5 Qxh3 25. Bd2 Re6 26. Rad1 Rde8 27. Re3 Bf8 28. Rxa3
Qh5 29. Re1 Nc8 30. N1e3 Nd6 31. Nxd6 Rxd6 32. Kg2 Kh8 33. Nf5 Rdd8 34. Bc3 Qg6
35. Ra5 Nd7 36. Rd1 Qe6 37. Qe2 c5 38. b5 Nb6 39. Ra6 Rxd1 40. Qxd1 Qc4 41. Rxb6
Qxc3 42. Qd5 g4 43. Ne3 Qd4 44. Qxf7 Qxe4+ 45. Kh2 Ra8 46. Qf6+ Bg7 47. Qc6 Qf3
48. Nxg4 Qf8 49. Ra6 Rc8 50. Qg2 c4 51. b6 c3 52. b7 Rb8 53. Ne3 e4 54. Qxe4
Qxf2+ 55. Kh3 c2 56. Ra8 c1=Q 57. Rxb8+ Bf8 58. Qe5+ Kg8 59. Qg5+ Kh8 60. Qe5+
Kg8 61. Rxf8+ Qxf8 62. b8=Q Qh1+ 63. Kg4 Qf3+ 64. Kh4 Qh1+ 65. Kg5 h6+ 66. Kg6
Qc6+ 67. Kh5 Qh1+ 68. Kg4 Qf3+ 69. Kh3 Qh1+ 70. Kg4 Qf3+ 1/2-1/2

[Event "World Rapid 2017"]
[Site "Riyadh KSA"]
[Date "2017.12.28"]
[Round "11.46"]
[White "Ni, Hua"]
[Black "Halkias, Stelios"]
[Result "1-0"]
[WhiteTitle "GM"]
[BlackTitle "GM"]
[WhiteElo "2671"]
[BlackElo "2571"]
[WhiteFideId "8601160"]
[BlackFideId "4201809"]
[EventDate "2017.12.26"]

1. d4 Nf6 2. c4 e6 3. g3 d5 4. Bg2 Bb4+ 5. Nd2 O-O 6. Nf3 dxc4 7. Qc2 Nc6 8.
Qxc4 Bd6 9. O-O Qe7 10. Qc2 e5 11. dxe5 Nxe5 12. Nxe5 Bxe5 13. Nc4 c6 14. Nxe5
Qxe5 15. Bf4 Qh5 16. Rfe1 Bh3 17. Bh1 Rfe8 18. e4 Re6 19. f3 Rae8 20. Rad1 Qg6
21. Qf2 b6 22. g4 Nxg4 23. fxg4 Bxg4 24. Rd2 Qh5 25. e5 f6 26. Rd6 fxe5 27. Rxe6
Rxe6 28. Bg3 h6 29. Qe3 e4 30. Bxe4 Bf5 31. Qb3 Kh8 32. Bg2 Rxe1+ 33. Bxe1 Qe2
34. Qc3 c5 35. Bg3 Bd3 36. Qe5 Qd1+ 37. Be1 Bg6 38. h3 Kh7 39. Kh2 Qd7 40. Bc3
Qf7 41. Kg3 Bf5 42. a3 Qg6+ 43. Kh2 Qf7 44. Bd5 Qd7 45. Bc6 Qf7 46. Be8 Qf8 47.
Kg3 Bc8 48. Bh5 Bb7 49. Bg4 Kh8 50. Qe6 Kh7 51. Bf5+ Kh8 52. Qxh6+ 1-0

[Event "World Rapid 2017"]
[Site "Riyadh KSA"]
[Date "2017.12.28"]
[Round "11.47"]
[White "Socko, Bartosz"]
[Black "Khenkin, Igor"]
[Result "1-0"]
[WhiteTitle "GM"]
[BlackTitle "GM"]
[WhiteElo "2593"]
[BlackElo "2554"]
[WhiteFideId "1107038"]
[BlackFideId "4659600"]
[EventDate "2017.12.26"]

1. d4 d5 2. c4 dxc4 3. e3 Be6 4. Nc3 c6 5. a4 Nf6 6. Nge2 Nd5 7. e4 Nb4 8. Nf4
Qxd4 9. Nxe6 fxe6 10. Qxd4 Nc2+ 11. Kd1 Nxd4 12. Bxc4 e5 13. Be3 g6 14. Kc1 Nd7
15. Rd1 Nc5 16. Rxd4 exd4 17. Bxd4 e5 18. Bxe5 Bh6+ 19. Kb1 Rf8 20. Bd6 Rxf2 21.
Bxc5 Rxg2 22. Ka2 Bg7 23. e5 Rd8 24. Re1 Rdd2 25. Ba3 Rd4 26. Kb3 Rxh2 27. Ne4
Rh3+ 28. Ka2 Bxe5 29. Nf6+ Kd8 30. Rxe5 Rxc4 31. Bd6 Rxa4+ 32. Kb1 1-0

[Event "World Rapid 2017"]
[Site "Riyadh KSA"]
[Date "2017.12.28"]
[Round "11.48"]
[White "Sanal, Vahap"]
[Black "Vallejo Pons, Francisco"]
[Result "0-1"]
[WhiteTitle "GM"]
[BlackTitle "GM"]
[WhiteElo "2551"]
[BlackElo "2707"]
[WhiteFideId "6300545"]
[BlackFideId "2205530"]
[EventDate "2017.12.26"]

1. e4 e5 2. Nf3 Nc6 3. Bb5 Nf6 4. d3 Bc5 5. Bxc6 dxc6 6. b3 O-O 7. Bb2 Ng4 8.
O-O f6 9. h3 Nh6 10. Nbd2 Nf7 11. Nc4 Re8 12. Qd2 Be6 13. Ne3 a5 14. a4 b6 15.
Ba3 Bd6 16. Bxd6 cxd6 17. d4 d5 18. exd5 cxd5 19. Rad1 e4 20. Nh2 Rc8 21. Rfe1
Nd6 22. Qe2 Bf7 23. Qg4 Rc3 24. Nhf1 g6 25. h4 h6 26. Ng3 Kh7 27. Ne2 Be6 28.
Qf4 Rc8 29. Qh2 Nf5 30. Rd2 Nxe3 31. fxe3 Bg4 32. Nf4 Rc3 33. Qg3 h5 34. Ne2
Bxe2 35. Rdxe2 f5 36. Rf1 Qe7 37. Qf4 Rec8 38. Rff2 Kg7 39. Kh1 Qf6 40. Kg1 Kf7
41. Kh1 Ke7 42. Kh2 Kd7 43. Kh1 Kc6 44. Kh2 Kb7 45. Qg5 Qd6+ 46. Qg3 Qe6 47. Qf4
R8c6 48. Qg3 Qe7 49. Qf4 Ka6 50. Kg3 Kb7 51. Kh2 Qd8 52. Qg3 Ka6 53. Qg5 Qd6+
54. Qg3 Qf6 55. Qg5 Qf8 56. Qf4 b5 57. axb5+ Kxb5 58. Kg1 Qd6 59. Qxd6 Rxd6 60.
Kh2 Kc6 61. Rf1 Kd7 62. Ra1 f4 63. exf4 Ra6 64. Ra4 Ke6 65. b4 Rc4 66. c3 Rxc3
67. Rea2 Rd3 68. bxa5 Kf5 69. g3 e3 70. Kg2 Ke4 71. Kf1 Kf3 72. Ke1 Rb3 73. Ra1
Rb2 74. R4a2 Rb4 75. Rd1 Rb3 76. Rc1 Rb4 77. Rd1 Kxg3 78. Ke2 Kxf4 79. Rd3 Kg4
80. Kxe3 Re6+ 81. Kf2 Kxh4 82. a6 Rf6+ 83. Ke3 Rb8 84. Ra5 Ra8 85. a7 Rf7 86.
Rda3 g5 87. Ra1 Re7+ 88. Kf3 g4+ 89. Kg2 Rd7 90. R1a3 Kg5 91. Ra1 h4 92. R5a2
Rb7 93. Ra5 h3+ 94. Kg1 Rd7 95. Ra6 Rb7 96. R1a5 Rb1+ 97. Kh2 Rb2+ 98. Kh1 g3
99. Ra1 Rd2 100. Rg1 Rh2# 0-1

[Event "World Rapid 2017"]
[Site "Riyadh KSA"]
[Date "2017.12.28"]
[Round "11.49"]
[White "Howell, David W L"]
[Black "Dzhumagaliev, Yan"]
[Result "1-0"]
[WhiteTitle "GM"]
[BlackTitle "FM"]
[WhiteElo "2676"]
[BlackElo "2400"]
[WhiteFideId "410608"]
[BlackFideId "24100110"]
[EventDate "2017.12.26"]

1. c4 Nf6 2. g3 e6 3. Bg2 d5 4. Nf3 Be7 5. O-O O-O 6. d4 dxc4 7. Ne5 Nc6 8. Nxc6
bxc6 9. Na3 Bxa3 10. bxa3 Ba6 11. Qd2 Rb8 12. Qa5 Qc8 13. a4 Rd8 14. Ba3 Rxd4
15. Rfb1 Rb6 16. Rd1 Qd7 17. Qe1 c3 18. Rxd4 Qxd4 19. Rd1 Qxd1 20. Qxd1 h6 21.
Qc2 Nd5 22. e4 Nb4 23. Qxc3 Nd3 24. h3 Rb1+ 25. Kh2 c5 26. Qa5 Bb7 27. Bxc5 Ne1
28. Bh1 f5 29. Qxc7 Bxe4 30. Bd4 1-0

[Event "World Rapid 2017"]
[Site "Riyadh KSA"]
[Date "2017.12.28"]
[Round "11.50"]
[White "Ibrahimov, Rasul"]
[Black "Ivanchuk, Vassily"]
[Result "1/2-1/2"]
[WhiteTitle "GM"]
[BlackTitle "GM"]
[WhiteElo "2518"]
[BlackElo "2726"]
[WhiteFideId "13400495"]
[BlackFideId "14100010"]
[EventDate "2017.12.26"]

1. e4 c5 2. c4 Nc6 3. Ne2 e6 4. Nbc3 Nf6 5. d4 cxd4 6. Nxd4 Bb4 7. Nxc6 bxc6 8.
Bd3 e5 9. Qc2 d6 10. O-O Bc5 11. Na4 Bd4 12. c5 d5 13. Bg5 h6 14. Bxf6 Qxf6 15.
exd5 cxd5 16. Nc3 Be6 17. Nb5 e4 18. Nxd4 Qxd4 19. Bb5+ Ke7 20. Rad1 Qb4 21. Bc6
Rac8 22. Bxd5 Rxc5 23. Qxe4 Qxe4 24. Bxe4 Ra5 25. a3 Rb8 26. Rd2 Rb3 27. Rc1 Kf6
28. Bf3 Rab5 29. Rcc2 Bf5 30. Rc6+ Be6 31. h4 a5 32. Bd5 Rxb2 33. Rxb2 Rxb2 34.
Bxe6 fxe6 35. Rc5 e5 36. Rxa5 e4 37. Ra6+ Kf7 38. a4 Rb1+ 39. Kh2 Rb3 40. a5 e3
41. fxe3 Rxe3 42. Rb6 Ra3 43. a6 h5 44. Rb7+ Kf6 45. a7 g5 46. hxg5+ Kxg5 47.
Kg1 Ra2 48. Rg7+ Kf6 49. Rc7 h4 50. Kf1 Kf5 51. Ke1 Kf4 52. Rg7 Ke3 53. Kd1 Kf2
54. Kc1 Kf1 1/2-1/2

[Event "World Rapid 2017"]
[Site "Riyadh KSA"]
[Date "2017.12.28"]
[Round "11.51"]
[White "Salgado Lopez, Ivan"]
[Black "El Adnani, Mokliss"]
[Result "1-0"]
[WhiteTitle "GM"]
[BlackTitle "IM"]
[WhiteElo "2644"]
[BlackElo "2448"]
[WhiteFideId "2257327"]
[BlackFideId "9000410"]
[EventDate "2017.12.26"]

1. Nf3 Nf6 2. b3 g6 3. Bb2 Bg7 4. c4 O-O 5. g3 b6 6. d4 Bb7 7. Bg2 Ne4 8. O-O d5
9. cxd5 Bxd5 10. Nc3 Nxc3 11. Bxc3 c5 12. Rc1 c4 13. bxc4 Bxc4 14. d5 Bxc3 15.
Rxc3 Ba6 16. d6 exd6 17. Nh4 d5 18. Qxd5 Qxd5 19. Bxd5 Nd7 20. Bxa8 Rxa8 21. Rd1
Nc5 22. Re3 Bc4 23. a3 b5 24. Nf3 a5 25. Ne5 Be6 26. Nc6 Ra6 27. Rd8+ Kg7 28.
Nd4 Bc4 29. Rb8 Nd7 30. Rd8 Nf6 31. f3 Nd5 32. Re5 Nc3 33. Rc8 Rd6 34. Nxb5
Nxe2+ 35. Rxe2 Bxb5 36. Re5 Rd1+ 37. Kf2 Rf1+ 38. Kg2 Rb1 39. Rcc5 Rb2+ 40. Kg1
Bd7 41. g4 a4 42. Rc7 Kf6 43. Ra5 Be8 44. Ra8 Re2 45. Rc4 Kg5 46. Kf1 Re7 47.
Kf2 Bb5 48. Rc5+ Kf4 49. Rxb5 g5 50. Rf5# 1-0

[Event "World Rapid 2017"]
[Site "Riyadh KSA"]
[Date "2017.12.28"]
[Round "11.52"]
[White "Saeed, Ishaq"]
[Black "Ganguly, Surya Shekhar"]
[Result "0-1"]
[WhiteTitle "FM"]
[BlackTitle "GM"]
[WhiteElo "2434"]
[BlackElo "2650"]
[WhiteFideId "9301453"]
[BlackFideId "5002150"]
[EventDate "2017.12.26"]

1. d4 Nf6 2. c4 e6 3. Nf3 d5 4. g3 Bb4+ 5. Bd2 Be7 6. Bg2 O-O 7. O-O Nbd7 8. b3
c6 9. Bc3 a5 10. Nbd2 b5 11. Ne5 Nxe5 12. dxe5 Nd7 13. cxb5 cxb5 14. e4 Nb6 15.
Bd4 Bb7 16. Re1 a4 17. exd5 Bxd5 18. Ne4 Bb4 19. Rf1 Kh8 20. Qe2 axb3 21. axb3
Rxa1 22. Rxa1 Bc6 23. Rd1 Nd5 24. Qh5 Be7 25. h4 Qe8 26. Nd6 Bxd6 27. exd6 Qd7
28. Be4 f5 29. Bxd5 Bxd5 30. b4 Rc8 31. Bc5 Ra8 32. Re1 Bb7 33. Kh2 h6 34. Qg6
Qc6 35. Rg1 Ra1 36. d7 Qh1+ 0-1

[Event "World Rapid 2017"]
[Site "Riyadh KSA"]
[Date "2017.12.28"]
[Round "11.53"]
[White "Dervishi, Erald"]
[Black "Tissir, Mohamed"]
[Result "1-0"]
[WhiteTitle "GM"]
[BlackTitle "IM"]
[WhiteElo "2552"]
[BlackElo "2381"]
[WhiteFideId "4700236"]
[BlackFideId "9000240"]
[EventDate "2017.12.26"]

1. e4 c5 2. Nf3 d6 3. d4 cxd4 4. Nxd4 Nf6 5. Nc3 a6 6. Be2 e5 7. Nb3 Be6 8. O-O
Be7 9. Kh1 Nc6 10. f4 exf4 11. Bxf4 O-O 12. Qe1 Ne5 13. Rd1 Qc7 14. Nd4 b5 15.
a3 Kh8 16. Qg3 Rad8 17. Bg5 Ng8 18. Bc1 Bf6 19. Nf5 Nc4 20. Nd5 Bxd5 21. Rxd5
Ne5 22. c3 Ne7 23. Nxe7 Qxe7 24. Bf4 Rfe8 25. a4 bxa4 26. Bxa6 Rb8 27. Bb5 Red8
28. Rfd1 h6 29. h3 Qa7 30. c4 Rbc8 31. Rxd6 Rxd6 32. Rxd6 Nxc4 33. Bxc4 Rxc4 34.
Rxf6 1-0

[Event "World Rapid 2017"]
[Site "Riyadh KSA"]
[Date "2017.12.28"]
[Round "11.54"]
[White "Al-Hajiri, Bader"]
[Black "Tregubov, Pavel V."]
[Result "0-1"]
[WhiteTitle "FM"]
[BlackTitle "GM"]
[WhiteElo "2165"]
[BlackElo "2575"]
[WhiteFideId "10300163"]
[BlackFideId "4115341"]
[EventDate "2017.12.26"]

1. e4 e6 2. d4 d5 3. Nc3 Bb4 4. e5 c5 5. a3 Ba5 6. b4 cxd4 7. Nb5 Bc7 8. f4 Ne7
9. Qg4 O-O 10. Nf3 Nbc6 11. Bd3 Nf5 12. Qh3 f6 13. g4 fxe5 14. gxf5 e4 15. Ng5
h6 16. Nxe4 dxe4 17. Bxe4 exf5 18. Bf3 Bb6 19. Bb2 a6 20. O-O-O axb5 21. Rhg1
Qd6 22. Qg3 Qf6 23. Qf2 Be6 24. Bxc6 bxc6 25. Rxd4 Rad8 26. Rd7 Rxd7 27. Qxb6
Qh4 28. Qxc6 Qxf4+ 29. Kb1 Qe3 30. Qg2 Rfd8 31. Bc1 Qe4 32. Qg3 Qc4 0-1

[Event "World Rapid 2017"]
[Site "Riyadh KSA"]
[Date "2017.12.28"]
[Round "11.55"]
[White "Minko, Vladimir"]
[Black "Malakhatko, Vadim"]
[Result "0-1"]
[WhiteTitle "IM"]
[BlackTitle "GM"]
[WhiteElo "2381"]
[BlackElo "2542"]
[WhiteFideId "24146706"]
[BlackFideId "14104202"]
[EventDate "2017.12.26"]

1. d4 e6 2. c4 Bb4+ 3. Nd2 Nf6 4. Nf3 a5 5. g3 b6 6. Bg2 Bb7 7. O-O O-O 8. Qc2
d5 9. Rd1 Be7 10. Ne5 c5 11. cxd5 exd5 12. Ndc4 cxd4 13. Rxd4 Bc5 14. Rd1 Qe7
15. Bg5 dxc4 16. Bxf6 Qxf6 17. Bxb7 Bxf2+ 18. Kg2 Ra7 19. Ng4 Qe6 20. Bf3 Bc5
21. Rd5 Nc6 22. Rh5 g6 23. Rh6 Nd4 24. Qc3 Rd8 25. Rd1 Rad7 26. e3 Bb4 27. Qc1
Nxf3 0-1

[Event "World Rapid 2017"]
[Site "Riyadh KSA"]
[Date "2017.12.28"]
[Round "11.56"]
[White "Georgiev, Kiril"]
[Black "Khader, Sami"]
[Result "1-0"]
[WhiteTitle "GM"]
[BlackTitle "IM"]
[WhiteElo "2623"]
[BlackElo "2392"]
[WhiteFideId "2900017"]
[BlackFideId "8100500"]
[EventDate "2017.12.26"]

1. d4 Nf6 2. c4 g6 3. Nc3 Bg7 4. Nf3 O-O 5. Bf4 d6 6. e3 Nh5 7. Bg5 h6 8. Bh4 g5
9. Nd2 Nf6 10. Bg3 Na6 11. Be2 c5 12. O-O cxd4 13. exd4 Nc7 14. d5 Bf5 15. Re1
Na6 16. Nb3 Qd7 17. Nd4 Bg6 18. Bd3 Bxd3 19. Qxd3 Nc5 20. Qc2 a5 21. Nf5 Rfe8
22. h4 Nh5 23. Bh2 Bf8 24. Rad1 Ra6 25. Nb5 Nf6 26. b3 Nfe4 27. Nbd4 e5 28. dxe6
fxe6 29. Ng3 Nxg3 30. Qg6+ Bg7 31. Bxg3 Qf7 32. Qxf7+ Kxf7 33. Nb5 Bf8 34. Nc7
gxh4 35. Bxh4 Rc8 36. Nxa6 Nxa6 37. Bg3 Rc6 38. Re2 a4 39. bxa4 Nc5 40. a5 e5
41. f4 Na4 42. fxe5 dxe5 43. Bxe5 Rxc4 44. Rd7+ Kg6 45. Rxb7 Nc5 46. Rb6+ Kg5
47. Bd6 Rc1+ 48. Kh2 Bg7 49. Rb5 1-0

[Event "World Rapid 2017"]
[Site "Riyadh KSA"]
[Date "2017.12.28"]
[Round "11.57"]
[White "Dobrov, Vladimir"]
[Black "Al Mahmood, Salman"]
[Result "1-0"]
[WhiteTitle "GM"]
[WhiteElo "2515"]
[BlackElo "1593"]
[WhiteFideId "4136594"]
[BlackFideId "11201517"]
[EventDate "2017.12.26"]

1. e4 c5 2. a3 d6 3. b4 Nf6 4. d3 e6 5. f4 Be7 6. Nf3 O-O 7. Be2 Nbd7 8. c3 b5
9. Be3 Bb7 10. Nbd2 Ng4 11. Bg1 f5 12. g3 cxb4 13. axb4 Bf6 14. Qb3 Qe7 15. Nd4
Bxd4 16. Bxd4 Ngf6 17. Bf3 Kh8 18. O-O e5 19. fxe5 dxe5 20. Bxa7 f4 21. gxf4
exf4 22. Bd4 Qe8 23. Rxa8 Bxa8 24. Bg2 Ne5 25. Rxf4 Nxd3 26. Rf1 Ne5 27. Qa2 Ng6
28. Bc5 Rf7 29. Nf3 Rd7 30. e5 Bxf3 31. exf6 Bxg2 32. f7 Qa8 33. Qxa8+ Bxa8 34.
f8=R+ Nxf8 35. Rxf8# 1-0

[Event "World Rapid 2017"]
[Site "Riyadh KSA"]
[Date "2017.12.28"]
[Round "11.58"]
[White "Amer, Said Salim Al Maashani"]
[Black "Omar, Noaman"]
[Result "0-1"]
[WhiteTitle "FM"]
[BlackTitle "IM"]
[WhiteElo "2103"]
[BlackElo "2364"]
[WhiteFideId "22000100"]
[BlackFideId "9300244"]
[EventDate "2017.12.26"]

1. e4 c6 2. d4 d5 3. Nc3 g6 4. Nf3 Bg7 5. exd5 cxd5 6. Bb5+ Nc6 7. O-O Bg4 8. h3
Bxf3 9. Qxf3 e6 10. Re1 Ne7 11. Bg5 O-O 12. Bxc6 bxc6 13. Qf4 f6 14. Bh6 g5 15.
Bxg5 fxg5 16. Qxg5 Nf5 17. Qxd8 Raxd8 18. Rxe6 Nxd4 19. Re7 Rf7 20. Rae1 Nxc2
21. Re8+ Rf8 22. Rxd8 Rxd8 23. Re7 Bxc3 24. bxc3 c5 25. Kf1 a6 26. Ke2 c4 27.
Re6 d4 28. Kd2 d3 29. Rc6 Na3 30. Rxa6 Nb1+ 0-1